<?xml version="1.0" encoding="UTF-8"?>
<record
    xmlns:xsi="http://www.w3.org/2001/XMLSchema-instance"
    xsi:schemaLocation="http://www.loc.gov/MARC21/slim http://www.loc.gov/standards/marcxml/schema/MARC21slim.xsd"
    xmlns="http://www.loc.gov/MARC21/slim">

  <leader>01700nam a2200217Ia 4500</leader>
  <controlfield tag="001">b6492-46531 </controlfield>
  <controlfield tag="003">IT-MiCISF</controlfield>
  <controlfield tag="008">161014s9999||||xx |||||||||||||| ||und||</controlfield>
  <datafield tag="040" ind1=" " ind2=" ">
    <subfield code="a">IT-MiCISF</subfield>
    <subfield code="c">IT-MiCISF</subfield>
  </datafield>
  <datafield tag="041" ind1=" " ind2=" ">
    <subfield code="a">it</subfield>
  </datafield>
  <datafield tag="100" ind1=" " ind2=" ">
    <subfield code="a">Novick Kerry Kelly</subfield>
  </datafield>
  <datafield tag="245" ind1=" " ind2="0">
    <subfield code="a">Il lavoro con i genitori</subfield>
    <subfield code="b">I migliori alleati nella psicoterapia con il bambino e l'adolescente</subfield>
  </datafield>
  <datafield tag="250" ind1=" " ind2=" ">
    <subfield code="a">1a ed.</subfield>
  </datafield>
  <datafield tag="260" ind1=" " ind2=" ">
    <subfield code="a"> Milano</subfield>
    <subfield code="b">Franco Angeli</subfield>
    <subfield code="c">2009</subfield>
  </datafield>
  <datafield tag="300" ind1=" " ind2=" ">
    <subfield code="a">pp. 198</subfield>
  </datafield>
  <datafield tag="500" ind1=" " ind2=" ">
    <subfield code="a"> / terapia-infantile, adolescenza, rapporti-paziente-terapeuta, rapporti-genitori-figli / Con questo volume, gli AA. offrono un contributo teorico originale e una guida pratica su un argomento di attualit&#xE0; per la tecnica psicoterapeutica in et&#xE0; evolutiva. Scopo del volume &#xE8; infatti dimostrare quanto sia centrale il ruolo dei genitori nella terapia dei bambini e degli adolescenti: il lavoro con i genitori, contestuale al lavoro psicoterapeutico con figlio, &#xE8; infatti indispensabile per l'esito del trattamento. I genitori non solo non rappresentano una minaccia alla terapia del figlio, ma anzi sono una grandissima risorsa e possono divenire i pi&#xF9; importanti alleati nella terapia. Applicando il loro modello dell'alleanza terapeutica, gli AA. concettualizzano il trattamento in diverse fasi successive, illustrando per ognuna le sfide e i compiti specifici per il figlio, i genitori e il terapeuta. Il lettore viene cos&#xEC; accompagnato alla comprensione delle posizioni del terapeuta, del figlio e dei genitori, anche grazie a ricche e dettagliate esemplificazioni cliniche. </subfield>
  </datafield>
  <datafield tag="650" ind1=" " ind2=" ">
    <subfield code="a"> Genitorialit&#xE0; e problemi educativi / terapia</subfield>
    <subfield code="e">004</subfield>
  </datafield>
  <datafield tag="700" ind1=" " ind2=" ">
    <subfield code="a">Novick Jack</subfield>
  </datafield>
  <datafield tag="942" ind1=" " ind2=" ">
    <subfield code="c">BK</subfield>
  </datafield>
  <datafield tag="957" ind1=" " ind2=" ">
    <subfield code="7">1</subfield>
  </datafield>
  <datafield tag="999" ind1=" " ind2=" ">
    <subfield code="a">46531</subfield>
    <subfield code="b">si</subfield>
    <subfield code="g">1</subfield>
    <subfield code="c">210547</subfield>
    <subfield code="d">210547</subfield>
  </datafield>
  <datafield tag="952" ind1=" " ind2=" ">
    <subfield code="0">0</subfield>
    <subfield code="1">0</subfield>
    <subfield code="4">0</subfield>
    <subfield code="6">B_649246531</subfield>
    <subfield code="7">1</subfield>
    <subfield code="a">CISF</subfield>
    <subfield code="b">CISF</subfield>
    <subfield code="d">2016-10-14</subfield>
    <subfield code="l">0</subfield>
    <subfield code="o">b6492-46531 </subfield>
    <subfield code="r">2016-10-14 00:00:00</subfield>
    <subfield code="w">2016-10-14</subfield>
    <subfield code="y">BK</subfield>
    <subfield code="z">Data import 15.10.2016 / by Epidotti, Vaglietti</subfield>
  </datafield>
</record>
